000 00343nam a2200133Ia 4500
008 220120s9999||||xx |||||||||||||| ||und||
020 _a716600900
082 _a031 WBI
100 _aThe World Book Inc.
245 4 _aThe world book encyclopedia-S Vol.17
260 _aThe World Book Inc.
_c1990
300 _a542p.
650 _aGENERAL BOOKS
999 _c137606
_d137606